000 00709nam a22002297a 4500
999 _c9489
_d9489
003 AR-CdUCM
008 190328b ||||| |||| 00| 0 spa d
020 _a978-612309-117-0
040 _aMUNICIPALIDAD PROVINCIAL DEL CUSCO
_cBIBLIOTECA MUNICIPAL DEL CUSCO
041 _hspa
082 _aEP /808.06
_bP26
100 _aParedes, Mauricio
_925582
245 _aMi hermano gigante /
260 _aLima :
_bSantillana,
_bAlfaguara,
_c2014.
300 _bilustraciones a color,
_c19 cm.
500 _aNo cuenta con numeración impresa.
650 _aCuentos infantiles de Chile
_925714
650 _aSiglo XX
_98
700 _aLaymuns, Verónica (Ilustrador)
_925715
942 _2ddc
_cLIBROS
945 _araen